• 首页
  • 本馆介绍
  • 公告通知
  • 最新文献
  • 馆藏检索
  • 电子资源
  • 读者导购
  • 参考咨询
  • 我的图书馆
  • 登录
  • 详细信息显示
  • 放入我的书架
  • 预约/预借图书
  • 作者相关作品
  • 分类相关作品
  • 丛书相关作品
  • 出版社相关作品

书目信息

  • 表格格式
  • 工作单格式
  • 卡片格式
题名:
国际资料
    
 
作者: ;河北人民出版社 编
分册: 第1辑  
出版信息: 石家庄   河北人民出版社  1972
页数: 342页
开本: 19cm
丛书名:
单 册:
中图分类: D-55
科图分类:
主题词: 政治
电子资源:
ISBN:
000 00641nam0 2200229 45
001 0177003405
005 20060522101728.68
010    @dCNY0.60
091    @a3086.534
100    @a19951010d1972 em y0chiy0121 ea
101 0  @achi
102    @aCN@b130000
105    @ay z 000yy
200 10 @a国际资料@Aguo ji zi liao@h第1辑@f河北人民出版社编@Fhe bei ren min chu ban she bian
210    @a石家庄@c河北人民出版社@d1972
215    @a342页@d19cm
606 0  @a政治
690    @aD-55@v3
711  0 @a河北人民出版社@Ahe bei ren min chu ban she@4编
801  2 @aCN@bNLC@c20060522
801  0 @aCN@bTSSF@c20060522
905    @a10447@dD-55@e1/72
    
    国际资料.第1辑/河北人民出版社编.-石家庄:河北人民出版社,1972
    342页;19cm
    
    
    ISBN :CNY0.60
    
●
相关链接 在E读中查询图书 在五车中查询图书 在当当中查询图书 在豆瓣中查询图书


正题名:国际资料     索取号:D-55/1/72         预约/预借

序号 登录号 条形码 馆藏地/架位号 状态 备注
1 0009900   202365751   密集书库/ [索取号:D-55/1/72] 在馆    
唐山师范学院图书馆 欢迎您!
大连网信软件有限公司© 版权所有